000 00367 a2200157 4500
001 150792
040 _cEscola São Tomás de Aquino
100 _aSAMPAIO, Márcio
240 1 0 _aDr. Clorofila contra rei poluidor
_lpor
245 1 0 _aDr. Clorofila contra rei poluidor
300 _a71
362 0 _a2005
440 1 _aCortez
697 _aCIÊNCIAS
942 _cBK
999 _c150792
_d150792